000 00523nam a2200181 i 4500
001 22233
003 ES-MaACL
005 20230906152644.0
007 t|
008 021202s1958 sp |||| | spa d
100 1 _aAlgarra Rafegas, Antonio.
_919886
245 1 0 _aEstampas de España :
_bguiones patrióticos /
_cpor Antonio Algarra Rafegas.
250 _a2ª ed.
260 _aZaragoza :
_b[s.n.],
_c1958.
300 _a254 p. ;
_c21 cm.
651 4 _aEspaña-
_xHistoria militar.
_9144916
852 _aES-MaACL
_jC-17243
999 _c22233
_d22233